Sports Quiz

Random Sports or NBA Quiz

NBA Games outside U.S./Canada Quiz Stats

 Plays Quiz not verified by Sporcle

Challenge
Share
Tweet
Embed
Score 0/18 Timer 05:00
0 Plays Today
Date City % Correct
3/4/2011London
93%
3/5/2011London
93%
1/17/2013London
93%
1/15/2014London
93%
12/6/1997Mexico City
74.6%
12/4/2013Mexico City
74.6%
11/2/1990Tokyo
70.4%
11/3/1990Tokyo
70.4%
11/7/1996Tokyo
70.4%
Date City % Correct
11/9/1996Tokyo
70.4%
11/6/1999Tokyo
70.4%
11/7/1999Tokyo
70.4%
11/6/1992Yokohama
8.5%
11/6/1992Yokohama
8.5%
11/4/1994Yokohama
8.5%
11/5/1994Yokohama
8.5%
10/30/2003Saitama
4.2%
11/1/2003Saitama
4.2%

You're not logged in!

Compare scores with friends on all Sporcle quizzes.
OR
Log In

You Might Also Like...

Show Comments

Extras

Top Quizzes Today


Score Distribution

Your Account Isn't Verified!

In order to create a playlist on Sporcle, you need to verify the email address you used during registration. Go to your Sporcle Settings to finish the process.

Report this User

Report this user for behavior that violates our Community Guidelines.

Details: